| 000 | 02488nam a22003617a 4500 | ||
|---|---|---|---|
| 001 | 104235 | ||
| 003 | KnowledgeUnlatched | ||
| 005 | 20210303104937.0 | ||
| 006 | m o d | ||
| 007 | cr u|||||||||| | ||
| 008 | 210129p20202020xx o u00| u eng d | ||
| 037 | _5BiblioBoard | ||
| 245 | 0 | 4 |
_aThe freedom of scientific research _bBridging the gap between science and society / _cSimona Giordano, John Harris. |
| 020 | _a9781526146472 | ||
| 029 | 1 | _ahttps://library.biblioboard.com/ext/api/media/4ce3ed19-9dde-4c9c-a56e-5eff10cb6951/assets/thumbnail.jpg | |
| 040 |
_aScCtBLL _cScCtBLL |
||
| 506 | 0 |
_aAccess copy available to the general public. _fUnrestricted _2star |
|
| 700 | 1 |
_aGiordano, Simona _eeditor. |
|
| 700 | 1 |
_aHarris, John _eeditor. |
|
| 264 | 1 | _bManchester University Press, | |
| 300 | _a1 online resource (1 p.) | ||
| 520 | _aNever have the scope and limits of scientific freedom been more important or more under attack. New science, from artificial intelligence to genomic manipulation, creates unique opportunities to make the world a better place. But it also presents unprecedented dangers, which many believe threaten the survival of humanity and the planet. This collection, by an international and multidisciplinary group of leading thinkers, addresses three vital questions: (1) How are scientific developments impacting on human life and on the structure of societies? (2) How is science regulated, and how should it be regulated? (3) Are there ethical boundaries to scientific developments in some sensitive areas (e.g. robotic intelligence, biosecurity)? The contributors are drawn from many disciplines, and approach the issues in diverse ways to secure the widest representation of the many interests engaged. They include some of the most distinguished academics working in this field, as well as young scholars. | ||
| 588 | 0 | _aDescription based on print version record. | |
| 590 | _aKU Select 2019: HSS Backlist Books | ||
| 650 | 7 |
_aSocial Science / Research _2bisacsh |
|
| 650 | 0 | _aSocial sciences | |
| 655 | 0 | _aElectronic books. | |
| 758 |
_iIs found in: _aKnowledge Unlatched _1https://openresearchlibrary.org/module/2774bc74-146a-484f-a7ba-ab1d6a09bbfb |
||
| 856 | 4 | 0 |
_uhttps://openresearchlibrary.org/content/4ce3ed19-9dde-4c9c-a56e-5eff10cb6951 _zView this content on Open Research Library. _70 |
| 999 |
_c33053 _d33053 |
||